Človek vo víre čias hovoríme so spisovateľkou Helenou Volanskou

Bibliographic Details
Other Authors: Čelko, Vojtech, 1946- (Interviewer)
Format: Article
Language:Slovak
PhysicalDescription:Fot. 2.
Subjects:

MARC

LEADER 00000nab a2200000 a 4500
001 vtls000428251
003 SK-MaSNL
005 20260303182105.0
008 230302c1991 xo 0 slo
015 |a SNBRB19rr/mm-uuuuu 
035 |a CL0428379 
035 |a urn:nbn:sk:snk-abamme 
035 |a (urnnbn)urn:nbn:sk:snk:ar-008nii 
035 |a (uuid)6d556d01-5c0e-4bc4-8c4d-c39d8d4ed883 
040 |a SNKBUCL  |b slo  |c SNKBUCL  |e AACR2 
041 0 |a slo 
044 |a xo  |c SK 
080 |a 82:929:885.4  |2 1981 
080 |a 929  |2 1981 
080 |a 885.4  |2 1981 
080 |a 929 Volanská, Helena  |2 1981 
100 1 |a Čelko, Vojtech,  |d 1946-  |4 ivr  |9 119387 
245 1 0 |a Človek vo víre čias  |b hovoríme so spisovateľkou Helenou Volanskou  |c Vojtech Čelko 
300 |b Fot. 2. 
600 1 7 |a Volanská, Hela,  |d 1912-1996  |2 snkbucl  |9 57470 
655 7 |a rozhovory  |2 snkbucl  |9 31831 
655 7 |a články z odboru literárna veda a krásna literatúra  |2 snkbucl  |9 770045 
700 1 |a Volanská, Hela,  |d 1912-1996  |4 ive  |9 57470 
773 0 |t Literárny týždenník  |g Roč. 4, č. 28 (1991), s. 1 a 11 
850 |a Slovenská národná knižnica v Martine  |a MTA001 
852 |a SNK  |b KIS3GCP 
954 |a odborná, vedecká literatúra pôvodná (slovenská)  |2 lita 
958 |a BX 
958 |a RK 
958 |a LX 
958 |a OND 
958 |a EUIPO 
958 |a article14 
999 |c 2115608  |d 2117538